Logistika internetového obchodu diplomová práca

Enregistré dans:
Détails bibliographiques
Auteur principal: Mihálová, Nikola
Collectivité auteur: Fakulta podnikového manažmentu EU. Katedra manažmentu výroby a logistiky - zrušená
Autres auteurs: Richnák, Patrik, 1988-
Format: Livre
Langue:slovaque
Publié: Bratislava 2022
Tags: Ajouter un tag
Pas de tags, Soyez le premier à ajouter un tag!

MARC

LEADER 00000nbm a2200000 4500
001 0285477
005 20230331085457.0
041 0 |a slo 
044 |a SK 
245 1 0 |a Logistika internetového obchodu  |b diplomová práca  |c Nikola Mihálová ; školiteľ: Patrik Richnák 
264 1 |a Bratislava  |c 2022 
300 |a 87 s. 
100 1 |a Mihálová, Nikola 
700 1 |a Richnák, Patrik, 1988- 
710 2 |a Fakulta podnikového manažmentu EU. Katedra manažmentu výroby a logistiky - zrušená